Normal view MARC view

Entry Personal Name

Number of records used in: 1

001 - CONTROL NUMBER

  • control field: 1122866

003 - CONTROL NUMBER IDENTIFIER

  • control field: OSt

005 - DATE AND TIME OF LATEST TRANSACTION

  • control field: 20260302115843.0

008 - FIXED-LENGTH DATA ELEMENTS

  • fixed length control field: 260302|| aca||aabn | a|a d

040 ## - CATALOGING SOURCE

  • Original cataloging agency: OSt
  • Transcribing agency: OSt

100 ## - HEADING--PERSONAL NAME

  • Personal name: Michael Lysander Fremuth, Jörn Griebel and Robert Heintsch

670 ## - SOURCE DATA FOUND

  • Source citation: Work cat.: (OSt)1687694: Michael Lysander Fremuth, Jörn Griebel and Robert Heintsch, Natural Resources and International Law - Developments and Challenges A Liber Amicorum in Honour of Stephan Hobe
Copyright @ Delhi University Library System